000 00472nam a2200181Ia 4500
005 20250326141405.0
008 250326s9999 xx 000 0 und d
037 _aTextbook
040 _aFMSL
_beng
_cFMSL
041 _aeng
_2eng
084 _qFMSL
100 _aIndia Govt. Of........
245 0 _aIndia : A reference annual
_cIndia Govt. Of........
260 _aGovt.
_bGovt., of delhi
_c1991
300 _a1084p
942 _cTB
999 _c1290080
_d1290080